La participación ciudadana: un marco conceptual /

Kaydedildi:
Detaylı Bibliyografya
Yazar: Serra Vázquez, Luis
Materyal Türü: Metin
Etiketler: Etiketle
Etiket eklenmemiş, İlk siz ekleyin!

MARC

LEADER 00000 a a2200000 04500
001 6952
003
040
100 |a Serra Vázquez, Luis  
245 |a La participación ciudadana:   |b un marco conceptual /  |c Luis Serra Vázquez 
773 |g volumen 40, número 81; páginas 7-29  
999 |c 25740  |d 25740